000 00332pab a2200145 454500
008 180718b1996 xxu||||| |||| 00| 0 eng d
100 _aPurkayastha, Gautam
245 _aRural labour indebtedness: a case study
260 _c1996
300 _ap.21-23
362 _aDec
650 _aLabour
773 _aYojana
909 _a32749
999 _c32749
_d32749